[Event "19th Zadar Open A"]
[Site "Zadar CRO"]
[Date "2012.12.17"]
[Round "3.4"]
[White "Saric, Iv"]
[Black "Kuljasevic, D."]
[Result "1/2-1/2"]
[WhiteElo "2626"]
[BlackElo "2561"]
[PlyCount "119"]
[EventDate "2012.12.16"]
[EventType "swiss"]
[SourceDate "1999.07.01"]

1. e4 e5 2. Nf3 Nc6 3. Bb5 a6 4. Ba4 Nf6 5. O-O Be7 6. Re1 b5 7. Bb3 d6 8. c3
O-O 9. h3 Re8 10. Ng5 Rf8 11. d3 Na5 12. Bc2 c5 13. Nd2 Nc6 14. Nf1 h6 15. Nf3
Re8 16. Ng3 Bf8 17. Nh2 Be6 18. Qf3 g6 19. Nhf1 d5 20. exd5 Nxd5 21. Ne3 Qf6
22. Bd1 Rad8 23. Ng4 Qxf3 24. Bxf3 Bxg4 25. hxg4 Na5 26. Ne4 Kg7 27. g3 f5 28.
gxf5 gxf5 29. Nd2 Nf6 30. Be2 Nc6 31. Bf1 e4 32. dxe4 fxe4 33. Bg2 e3 34. Rxe3
Rxe3 35. fxe3 Ne5 36. Kf2 c4 37. Ke2 Bc5 38. Ne4 Nxe4 39. Bxe4 Ng4 40. b4 Bb6
41. a4 Re8 42. Bc6 Rf8 43. axb5 axb5 44. Bd7 h5 45. Bxg4 hxg4 46. Ra6 Bc7 47.
e4 Re8 48. Ra7 Rxe4+ 49. Be3 Re7 50. Rb7 Kf7 51. Rxb5 Bxg3 52. Rc5 Re4 53. b5
Bd6 54. Rh5 Re5 55. Rh7+ Kg8 56. Rh4 Bc5 57. Rxg4+ Kf7 58. Rf4+ Ke6 59. Rf3 Kd7
60. Kd2 1/2-1/2

[Event "VIII Governor's Cup"]
[Site "Khanty-Mansiysk RUS"]
[Date "2012.11.20"]
[Round "6.4"]
[White "Kurnosov, I."]
[Black "Matlakov, M."]
[Result "1/2-1/2"]
[WhiteElo "2645"]
[BlackElo "2673"]
[PlyCount "127"]
[EventDate "2012.11.15"]
[SourceDate "1999.07.01"]

1. e4 e5 2. Nf3 Nc6 3. Bb5 a6 4. Ba4 Nf6 5. O-O Be7 6. Re1 b5 7. Bb3 d6 8. c3
O-O 9. h3 Re8 10. d4 Bb7 11. Nbd2 Bf8 12. a3 h6 13. d5 Nb8 14. Nh2 Nbd7 15. Qf3
Nc5 16. Ba2 c6 17. dxc6 Bxc6 18. Ng4 Ra7 19. Nxf6+ Qxf6 20. Qxf6 gxf6 21. b4
Na4 22. Bb3 Nxc3 23. Re3 Na4 24. Nf1 Rd8 25. Ng3 d5 26. exd5 Bxd5 27. Rd3 Rad7
28. Nh5 Be7 29. Rg3+ Kh8 30. Bxd5 Rxd5 31. Bxh6 R5d6 32. Ng7 Bf8 33. Nf5 Bxh6
34. Nxh6 Rd1+ 35. Kh2 R8d7 36. Rxd1 Rxd1 37. Rf3 Kg7 38. Nf5+ Kh7 39. Rg3 Rd7
40. h4 Nb2 41. Rf3 Nc4 42. Ng3 Rd4 43. Kh3 Rf4 44. Rxf4 exf4 45. Nh5 f3 46. g4
f5 47. gxf5 Nxa3 48. Nf6+ Kh6 49. Nd5 Nc4 50. Nc7 Kh5 51. Kg3 a5 52. bxa5 Nxa5
53. Nxb5 Nc4 54. Nd4 Nd6 55. Kf4 Kxh4 56. Ke5 Ne8 57. Nxf3+ Kg4 58. Nd4 f6+ 59.
Kd5 Kf4 60. f3 Ng7 61. Ne6+ Kxf5 62. Nxg7+ Kf4 63. Nh5+ Kxf3 64. Nxf6 1/2-1/2

[Event "12th Sautron Open"]
[Site "Sautron FRA"]
[Date "2012.11.02"]
[Round "8.1"]
[White "Oleksienko, M."]
[Black "Zubarev, Al1"]
[Result "1/2-1/2"]
[WhiteElo "2539"]
[BlackElo "2583"]
[PlyCount "50"]
[EventDate "2012.10.27"]
[SourceDate "1999.07.01"]

1. e4 e5 2. Nf3 Nc6 3. Bb5 a6 4. Ba4 Nf6 5. O-O Be7 6. Re1 b5 7. Bb3 d6 8. c3
O-O 9. h3 Nb8 10. d4 Nbd7 11. Nbd2 Bb7 12. Bc2 Re8 13. Nf1 Bf8 14. Ng3 g6 15.
a4 c6 16. Be3 c5 17. d5 c4 18. Qd2 Nc5 19. Ra3 Nfd7 20. Rea1 Nb6 21. axb5 axb5
22. Rxa8 Nxa8 23. Bh6 Nb6 24. h4 Nbd7 25. h5 Bxh6 1/2-1/2

[Event "22nd Caen Alekhine Open A"]
[Site "Caen FRA"]
[Date "2012.11.04"]
[Round "6.1"]
[White "Guliyev, N."]
[Black "Shchekachev, A."]
[Result "1-0"]
[WhiteElo "2538"]
[BlackElo "2519"]
[PlyCount "113"]
[EventDate "2012.11.01"]
[SourceDate "1999.07.01"]

1. e4 e5 2. Nf3 Nc6 3. Bb5 a6 4. Ba4 Nf6 5. O-O Be7 6. Re1 b5 7. Bb3 d6 8. c3
O-O 9. d4 Bg4 10. d5 Na5 11. Bc2 c6 12. h3 Bc8 13. dxc6 Qc7 14. Nbd2 Qxc6 15.
Nf1 Bb7 16. Ng3 Rfe8 17. Nf5 Bf8 18. Bg5 Nd7 19. Nd2 Re6 20. b4 Nc4 21. Nxc4
bxc4 22. Ne3 h6 23. Bh4 Nb6 24. a4 a5 25. bxa5 Rxa5 26. Rb1 Re8 27. f3 Rea8 28.
Bf2 Nxa4 29. Qd2 Bc8 30. Nd5 Be6 31. Rb4 Bxd5 32. exd5 Qc7 33. h4 Be7 34. Re4
Nc5 35. Rg4 h5 36. Qh6 Bf6 37. Qxh5 e4 38. Rxc4 Ra1+ 39. Kh2 R1a2 40. Bd4 Qe7
41. Qf5 Bxd4 42. cxd4 Nd7 43. Rc7 R2a7 44. Bxe4 g6 45. Rxa7 Rxa7 46. h5 Nf6 47.
Rg3 Nxe4 48. Qxe4 Qxe4 49. fxe4 Ra4 50. hxg6 Rxd4 51. gxf7+ Kxf7 52. Rf3+ Kg6
53. Rf4 Kg5 54. Kg3 Rd3+ 55. Rf3 Rd2 56. Rf5+ Kg6 57. Rf8 1-0

[Event "TCh-AUT 2012-13"]
[Site "Hohenems AUT"]
[Date "2012.11.02"]
[Round "1.1"]
[White "Luther, T."]
[Black "Baramidze, D."]
[Result "1-0"]
[WhiteElo "2535"]
[BlackElo "2615"]
[PlyCount "119"]
[EventDate "2012.11.02"]
[EventType "team"]
[SourceDate "1999.07.01"]
[WhiteTeam "SK Absam"]
[BlackTeam "SK Hohenems"]

1. e4 e5 2. Nf3 Nc6 3. Bb5 a6 4. Ba4 Nf6 5. O-O Be7 6. Re1 b5 7. Bb3 d6 8. c3
O-O 9. h3 Nb8 10. d4 Nbd7 11. Nbd2 Bb7 12. Bc2 Re8 13. Bd3 Bf8 14. a4 c6 15. b3
g6 16. Bb2 Nh5 17. Bf1 Ng7 18. Qc2 Rc8 19. Qb1 Ne6 20. axb5 axb5 21. b4 Qc7 22.
Nb3 Bg7 23. dxe5 dxe5 24. c4 c5 25. cxb5 cxb4 26. Na5 Ba8 27. Nc4 Nec5 28. Bc1
Qb8 29. Rxa8 Qxa8 30. Nd6 Bf8 31. Nxe8 Rxe8 32. Bd2 b3 33. Bc3 Bh6 34. Bd2 Bxd2
35. Nxd2 Qa5 36. Rd1 Qc3 37. Nxb3 Nxb3 38. Rxd7 Nc5 39. Rd1 Rb8 40. Rc1 Qd4 41.
Rc4 Qd6 42. Qb4 Nb7 43. Qc3 Kg7 44. Rc6 Qe7 45. g3 h5 46. h4 Nd6 47. Qc5 Rd8
48. b6 Kf8 49. Rc7 Qf6 50. b7 Kg7 51. Rd7 Nxe4 52. Rxd8 Nxc5 53. b8=Q Ne4 54.
f3 Nxg3 55. Qd6 Qxd6 56. Rxd6 Nf5 57. Rd5 Nxh4 58. Kf2 f6 59. Bd3 Kf7 60. Ra5
1-0

[Event "St Petersburg Rapid Cup 2012"]
[Site "St Petersburg RUS"]
[Date "2012.10.05"]
[Round "1.6"]
[White "Dominguez Perez, L."]
[Black "Inarkiev, E."]
[Result "1/2-1/2"]
[WhiteElo "2734"]
[BlackElo "2683"]
[PlyCount "188"]
[EventDate "2012.10.05"]
[SourceDate "1999.07.01"]

1. e4 e5 2. Nf3 Nc6 3. Bb5 a6 4. Ba4 Nf6 5. O-O Be7 6. Re1 b5 7. Bb3 d6 8. c3
O-O 9. h3 Re8 10. d4 Bb7 11. Nbd2 Bf8 12. d5 Nb8 13. Nf1 Nbd7 14. N3h2 Nc5 15.
Bc2 c6 16. b4 Ncd7 17. dxc6 Bxc6 18. Bg5 h6 19. Bxf6 Nxf6 20. Ng4 Nxg4 21. Qxg4
Qd7 22. Qxd7 Bxd7 23. Ne3 Be6 24. Bb3 Rac8 25. Nd5 Bxd5 26. Bxd5 Rxc3 27. a4
Rc7 28. axb5 axb5 29. Rec1 Rce7 30. Rc6 Rb8 31. Raa6 Reb7 32. Rc3 Rd7 33. g4
Be7 34. Kg2 Bd8 35. Rcc6 Kf8 36. Rxd6 Rxd6 37. Rxd6 Ke7 38. Ra6 Bb6 39. h4 g5
40. h5 f6 41. Kf1 Kd6 42. Ke2 Kc7 43. Ra3 Bd4 44. Ra2 Kd7 45. Bb3 Kd6 46. Bc2
Kc6 47. Bd3 Kb6 48. Ra5 Kc6 49. Ra6+ Bb6 50. Kd2 Rd8 51. Ra1 Rd4 52. Rc1+ Kb7
53. Kc3 Bc7 54. Bxb5 Rxe4 55. f3 Rf4 56. Be2 Kb6 57. Ra1 e4 58. Ra6+ Kb7 59.
fxe4 Be5+ 60. Kb3 Rxe4 61. Bf3 Kxa6 62. Bxe4 Kb5 63. Bd3+ Kc6 64. Kc4 Kd6 65.
b5 Bb2 66. Be4 Bc1 67. Bc2 f5 68. Bxf5 Be3 69. Kd3 Bg1 70. Ke4 Ke7 71. Kd5 Bf2
72. Kc6 Bg3 73. b6 Kd8 74. Kb5 Bh2 75. Be4 Bg1 76. Kc6 Bf2 77. Kb7 Be3 78. Ka6
Bf2 79. Bf5 Be3 80. b7 Kc7 81. Bc8 Bf2 82. Kb5 Ba7 83. Kc4 Kd6 84. Bf5 Kc6 85.
Be4+ Kd6 86. Bf3 Ke5 87. Kb5 Kd6 88. Ka6 Bb8 89. Kb6 Ke7 90. Kc6 Kd8 91. Bd1
Ke7 92. Kd5 Bc7 93. Ke4 Kf6 94. Bb3 Bb8 1/2-1/2

[Event "St Petersburg Rapid Cup 2012"]
[Site "St Petersburg RUS"]
[Date "2012.10.05"]
[Round "3.5"]
[White "Dominguez Perez, L."]
[Black "Efimenko, Z."]
[Result "1/2-1/2"]
[WhiteElo "2734"]
[BlackElo "2689"]
[PlyCount "220"]
[EventDate "2012.10.05"]
[SourceDate "1999.07.01"]

1. e4 e5 2. Nf3 Nc6 3. Bb5 a6 4. Ba4 Nf6 5. O-O Be7 6. Re1 b5 7. Bb3 d6 8. c3
O-O 9. h3 Na5 10. Bc2 c5 11. d4 Nd7 12. a4 Bb7 13. d5 c4 14. Na3 bxa4 15. Bxa4
Nc5 16. Bc2 Ncb3 17. Ra2 Nxc1 18. Qxc1 Qc7 19. Qe3 f5 20. Nb1 Nb3 21. Ra4 a5
22. exf5 Bxd5 23. Be4 Qc6 24. Bxd5+ Qxd5 25. Nbd2 Nc5 26. Rxc4 Rxf5 27. Ra1 a4
28. Rb4 Rff8 29. Ne4 Nxe4 30. Rxe4 Rfb8 31. Nxe5 dxe5 32. Rxe5 Bc5 33. Qxc5
Qxc5 34. Rxc5 Rxb2 35. Ra3 h6 36. Rc4 Rc2 37. Rc7 Rb2 38. Rc4 Rb3 39. Rxb3 axb3
40. Rb4 Ra1+ 41. Kh2 Rb1 42. f4 b2 43. Kg3 Rc1 44. Rxb2 Rxc3+ 45. Kg4 Kf7 46.
Rf2 Kf6 47. Rf3 Rc2 48. g3 Rc5 49. Ra3 Rb5 50. Ra6+ Kf7 51. Rc6 Ra5 52. Rd6 Rc5
53. Ra6 Rb5 54. Rd6 Ra5 55. Rd3 Rb5 56. Re3 Kf6 57. Rd3 Ra5 58. Rd6+ Kf7 59. f5
Ra4+ 60. Kf3 Ra3+ 61. Kf4 Ra4+ 62. Ke5 Ra3 63. Rd7+ Kg8 64. Kf4 Ra4+ 65. Kf3
Ra3+ 66. Kg4 Ra4+ 67. Kh5 Ra3 68. Kg4 Ra4+ 69. Kf3 Ra3+ 70. Kf4 Ra4+ 71. Ke3
Ra3+ 72. Rd3 Ra1 73. Kf4 Ra4+ 74. Kf3 Kf7 75. g4 Kf6 76. Rd6+ Kf7 77. Re6 Rb4
78. Re4 Rb3+ 79. Re3 Rb4 80. Rc3 Ra4 81. Kg3 Ra5 82. Kh4 Rb5 83. Kh5 Kg8 84.
Rd3 Kh7 85. Kh4 Kg8 86. Rd8+ Kh7 87. Rd7 Kg8 88. Rd8+ Kh7 89. Rd3 Kg8 90. Kg3
Kf7 91. Kf4 Ra5 92. Rd7+ Kf8 93. Rd4 Kf7 94. h4 Ra1 95. Rd7+ Kf8 96. g5 Ra4+
97. Ke5 Rxh4 98. g6 Rh1 99. Rd8+ Ke7 100. Rg8 Re1+ 101. Kf4 Rf1+ 102. Ke4 Re1+
103. Kf4 Rf1+ 104. Kg4 Rg1+ 105. Kh3 Kf6 106. Rf8+ Kg5 107. Rf7 Rf1 108. Rxg7
Rxf5 109. Rg8 Rf6 110. g7 Kg6 1/2-1/2

[Event "St Petersburg Rapid Cup 2012"]
[Site "St Petersburg RUS"]
[Date "2012.10.05"]
[Round "3.6"]
[White "Inarkiev, E."]
[Black "Matlakov, M."]
[Result "1/2-1/2"]
[WhiteElo "2683"]
[BlackElo "2665"]
[PlyCount "92"]
[EventDate "2012.10.05"]
[SourceDate "1999.07.01"]

1. e4 e5 2. Nf3 Nc6 3. Bb5 a6 4. Ba4 Nf6 5. O-O Be7 6. Re1 b5 7. Bb3 d6 8. c3
O-O 9. h3 Re8 10. Ng5 Rf8 11. Nf3 Re8 12. d4 Bb7 13. a4 h6 14. Nbd2 Bf8 15. Bc2
exd4 16. Nxd4 g6 17. axb5 Nxd4 18. cxd4 axb5 19. Rxa8 Bxa8 20. b3 Bg7 21. Bb2
Bb7 22. Bd3 Qd7 23. Qb1 Nh5 24. Bf1 c5 25. Nf3 Nf6 26. dxc5 Bxe4 27. Qa1 Bxf3
28. Bxf6 Rxe1 29. Qxe1 Bxf6 30. gxf3 dxc5 31. Qa5 Bd4 32. Qxb5 Qd5 33. Qd3 Qg5+
34. Bg2 Qc1+ 35. Bf1 Qb2 36. Be2 Kg7 37. Qd1 h5 38. Kg2 Qa2 39. f4 Qa8+ 40. Bf3
Qb8 41. f5 Qf4 42. fxg6 fxg6 43. Qe2 Qg5+ 44. Kf1 Qc1+ 45. Kg2 Qg5+ 46. Kf1
Qc1+ 1/2-1/2

[Event "21st TCh-CRO 1a 2012"]
[Site "Sibenik CRO"]
[Date "2012.09.23"]
[Round "1.12"]
[White "Saric, Iv"]
[Black "Roiz, M."]
[Result "1-0"]
[WhiteElo "2637"]
[BlackElo "2618"]
[PlyCount "63"]
[EventDate "2012.09.23"]
[SourceDate "1999.07.01"]
[WhiteTeam "SK Liburnija, Rijeka"]
[BlackTeam "SK Djakovo MDProfil, Djakovo"]

1. e4 e5 2. Nf3 Nc6 3. Bb5 a6 4. Ba4 Nf6 5. O-O Be7 6. Re1 b5 7. Bb3 d6 8. c3
O-O 9. h3 Nb8 10. d4 Nbd7 11. Nbd2 Bb7 12. Bc2 Re8 13. Nf1 Bf8 14. Ng3 g6 15.
b3 a5 16. a4 b4 17. cxb4 axb4 18. Bb2 exd4 19. Nxd4 d5 20. exd5 Nxd5 21. Rxe8
Qxe8 22. Nb5 c6 23. Be4 cxb5 24. Bxd5 Bxd5 25. Qxd5 bxa4 26. Qd4 f6 27. bxa4
Qe6 28. Ne4 Be7 29. Ng5 Qb3 30. Qxd7 Qxb2 31. Re1 fxg5 32. Qd5+ 1-0

[Event "21st TCh-CRO 1a 2012"]
[Site "Sibenik CRO"]
[Date "2012.09.25"]
[Round "3.13"]
[White "Rogic, D."]
[Black "Lenic, L."]
[Result "1/2-1/2"]
[WhiteElo "2578"]
[BlackElo "2640"]
[PlyCount "68"]
[EventDate "2012.09.23"]
[SourceDate "1999.07.01"]
[WhiteTeam "SK Djuro Djakovic Holding, Slavonski Brod"]
[BlackTeam "SK Liburnija, Rijeka"]

1. e4 e5 2. Nf3 Nc6 3. Bb5 a6 4. Ba4 Nf6 5. O-O Be7 6. Re1 b5 7. Bb3 d6 8. c3
O-O 9. h3 Na5 10. Bc2 c5 11. d4 Nd7 12. d5 Nb6 13. Nbd2 Nb7 14. Nf1 Kh8 15. g4
Qc7 16. Ng3 g6 17. Kh2 Nd8 18. b3 f6 19. Bh6 Rg8 20. Be3 Nf7 21. Nd2 Bf8 22. a4
Bd7 23. Qe2 Bh6 24. Bxh6 Nxh6 25. axb5 axb5 26. Bd3 Rxa1 27. Rxa1 Rb8 28. Nf3
Nf7 29. Nd2 Kg7 30. Ndf1 Nc8 31. Ne3 b4 32. c4 Rb7 33. Ra6 Ra7 34. Qa2 Rxa6
1/2-1/2

[Event "TCh-SUI National A 2012"]
[Site "Switzerland SUI"]
[Date "2012.09.22"]
[Round "6.2"]
[White "Gallagher, Jo"]
[Black "Bellini, F."]
[Result "1-0"]
[WhiteElo "2502"]
[BlackElo "2509"]
[PlyCount "81"]
[EventDate "2012.03.18"]
[SourceDate "1999.07.01"]
[WhiteTeam "Reti 1"]
[BlackTeam "Mendrisio 1"]

1. e4 e5 2. Nf3 Nc6 3. Bb5 a6 4. Ba4 Nf6 5. O-O Be7 6. Re1 b5 7. Bb3 d6 8. c3
O-O 9. d4 Bg4 10. Be3 exd4 11. cxd4 d5 12. e5 Ne4 13. Nc3 Nxc3 14. bxc3 Qd7 15.
h3 Bh5 16. g4 Bg6 17. Bg5 Bxg5 18. Nxg5 h6 19. e6 Qd6 20. exf7+ Bxf7 21. Nxf7
Rxf7 22. Qd3 Raf8 23. Bc2 g5 24. Re2 Nd8 25. Rae1 Qf6 26. Qe3 c5 27. dxc5 Nc6
28. Qg3 Qf3 29. Qxf3 Rxf3 30. Bb3 R3f6 31. Bxd5+ Kg7 32. Re6 Rxe6 33. Rxe6 Nb8
34. c6 Rc8 35. h4 gxh4 36. f4 a5 37. Re7+ Kf6 38. Rh7 Na6 39. Rxh6+ Kg7 40. g5
b4 41. f5 1-0

[Event "21st TCh-CRO 1a 2012"]
[Site "Sibenik CRO"]
[Date "2012.09.23"]
[Round "1.1"]
[White "Saric, Iv"]
[Black "Roiz, M."]
[Result "1-0"]
[WhiteElo "2637"]
[BlackElo "2618"]
[PlyCount "62"]
[EventDate "2012.09.23"]
[SourceDate "1999.07.01"]
[WhiteTeam "SK Liburnija, Rijeka"]
[BlackTeam "SK Djakovo MDProfil, Djakovo"]

1. e4 e5 2. Nf3 Nc6 3. Bb5 a6 4. Ba4 Nf6 5. O-O Be7 6. Re1 b5 7. Bb3 d6 8. c3
O-O 9. h3 Nb8 10. d4 Nbd7 11. Nbd2 Bb7 12. Bc2 Re8 13. Nf1 Bf8 14. Ng3 g6 15.
b3 a5 16. a4 b4 17. cxb4 axb4 18. Bb2 exd4 19. Nxd4 d5 20. exd5 Nxd5 21. Rxe8
Qxe8 22. Nb5 c6 23. Be4 cxb5 24. Bxd5 Bxd5 25. Qxd5 bxa4 26. Qd4 f6 27. bxa4
Qe6 28. Ne4 Be7 29. Ng5 Qb3 30. Qxd7 Qxb2 31. Re1 fxg5 1-0

[Event "40th Olympiad Open"]
[Site "Istanbul TUR"]
[Date "2012.09.03"]
[Round "6.11"]
[White "Svetushkin, D."]
[Black "Borisek, J."]
[Result "1-0"]
[WhiteElo "2569"]
[BlackElo "2554"]
[PlyCount "127"]
[EventDate "2012.08.28"]
[SourceDate "1999.07.01"]
[WhiteTeam "Moldova"]
[BlackTeam "Slovenia"]
[WhiteTeamCountry "SUI"]
[BlackTeamCountry "ZAR"]

1. e4 e5 2. Nf3 Nc6 3. Bb5 a6 4. Ba4 Nf6 5. O-O Be7 6. Re1 b5 7. Bb3 d6 8. c3
O-O 9. h3 Nb8 10. d4 Nbd7 11. Nbd2 Bb7 12. Bc2 Re8 13. a4 Bf8 14. Bd3 c6 15. b3
g6 16. Bb2 Nh5 17. Bf1 Nf4 18. Qc2 Qb6 19. b4 Rac8 20. Nb3 Qc7 21. Bc1 Ne6 22.
Be3 Bg7 23. Ra2 Nb6 24. axb5 axb5 25. Na5 exd4 26. cxd4 d5 27. e5 Nc4 28. Rea1
Bf8 29. Qc3 Ra8 30. Ng5 Qe7 31. Nxe6 fxe6 32. Bd2 Ra6 33. Be1 Qf7 34. Nxb7 Rxa2
35. Rxa2 Qxb7 36. Bxc4 bxc4 37. Qa1 Rb8 38. Ra4 Qb5 39. Bc3 Qb7 40. h4 Qf7 41.
Ra7 Rb7 42. Ra8 Qf4 43. g3 Qf3 44. Bd2 Rf7 45. Be3 Qe2 46. Rc8 Rf3 47. Qc1 Kf7
48. Rc7+ Kg8 49. Rxc6 Bxb4 50. Rb6 Bf8 51. Rb8 Rf7 52. Qa1 Rf3 53. Rb2 Rxg3+
54. Kh2 Rxe3 55. Rxe2 Rxe2 56. Kg3 Rd2 57. f3 Rd3 58. Qa7 Rb3 59. Qd7 Rb6 60.
Kg4 c3 61. Kg5 c2 62. Kf6 Rb8 63. Qf7+ Kh8 64. Qc7 1-0

[Event "40th Olympiad Open"]
[Site "Istanbul TUR"]
[Date "2012.09.04"]
[Round "7.4"]
[White "Perez Candelario, Man"]
[Black "Eljanov, P."]
[Result "1/2-1/2"]
[WhiteElo "2575"]
[BlackElo "2693"]
[PlyCount "126"]
[EventDate "2012.08.28"]
[SourceDate "1999.07.01"]
[WhiteTeam "Spain"]
[BlackTeam "Ukraine"]
[BlackTeamCountry "FGA"]

1. e4 e5 2. Nf3 Nc6 3. Bb5 a6 4. Ba4 Nf6 5. O-O Be7 6. Re1 b5 7. Bb3 d6 8. c3
O-O 9. h3 Na5 10. Bc2 c5 11. d4 Nd7 12. Nbd2 exd4 13. cxd4 Nc6 14. d5 Nce5 15.
Nh2 Ng6 16. a4 Rb8 17. g3 c4 18. axb5 axb5 19. b4 Bf6 20. Ra3 Bd4 21. Ndf3 Bb6
22. Bg5 Qc7 23. h4 Nge5 24. Be3 Nxf3+ 25. Nxf3 Bxe3 26. Rexe3 Ne5 27. Qd4 Nxf3+
28. Rxf3 Qb6 29. Qxb6 Rxb6 30. Ra7 f6 31. Re3 Ra6 32. Rxa6 Bxa6 33. Ra3 Ra8 34.
Ra5 Kf7 35. f4 Ke8 36. Kf2 Kd7 37. Ke3 h6 38. Kd4 Kc7 39. Bd1 Kb6 40. Bg4 Re8
41. Bd7 Re7 42. Be6 Rc7 43. Ra3 Bc8 44. Rc3 Bd7 45. e5 fxe5+ 46. fxe5 Bxe6 47.
dxe6 Kc6 48. Ra3 d5 49. Ra6+ Kb7 50. Ra2 Kc6 51. h5 Rc8 52. Ra6+ Kb7 53. Ra3
Kc6 54. Ra7 Kb6 55. Rf7 c3 56. Rf1 Rc4+ 57. Kxd5 Kc7 58. Ra1 c2 59. Ra7+ Kd8
60. Ra8+ Ke7 61. Ra7+ Ke8 62. Ra8+ Ke7 63. Ra7+ Ke8 1/2-1/2

[Event "40th Olympiad Open"]
[Site "Istanbul TUR"]
[Date "2012.09.04"]
[Round "7.12"]
[White "Mastrovasilis, D."]
[Black "Stevic, H."]
[Result "1/2-1/2"]
[WhiteElo "2618"]
[BlackElo "2614"]
[PlyCount "61"]
[EventDate "2012.08.28"]
[SourceDate "1999.07.01"]
[WhiteTeam "Greece"]
[BlackTeam "Croatia"]
[WhiteTeamCountry "KGZ"]
[BlackTeamCountry "FRM"]

1. e4 e5 2. Nf3 Nc6 3. Bb5 a6 4. Ba4 Nf6 5. O-O Be7 6. Re1 b5 7. Bb3 d6 8. c3
O-O 9. d4 Bg4 10. d5 Na5 11. Bc2 c6 12. h3 Bxf3 13. Qxf3 cxd5 14. exd5 Nc4 15.
Nd2 Nb6 16. Nf1 Nbxd5 17. Ng3 Re8 18. Bb3 Nb6 19. Nf5 Qd7 20. Bg5 e4 21. Nxe7+
Qxe7 22. Bxf6 Qxf6 23. Rxe4 Qxf3 24. gxf3 d5 25. Rd4 Re2 26. Bxd5 Nxd5 27. Rxd5
Rxb2 28. a4 Rc8 29. axb5 Rxb5 30. Rxb5 axb5 31. Rb1 1/2-1/2

[Event "40th Olympiad Open"]
[Site "Istanbul TUR"]
[Date "2012.09.04"]
[Round "7.28"]
[White "Stefansson, H."]
[Black "Ghaem Maghami, E."]
[Result "1-0"]
[WhiteElo "2515"]
[BlackElo "2579"]
[PlyCount "85"]
[EventDate "2012.08.28"]
[SourceDate "1999.07.01"]
[WhiteTeam "Iceland"]
[BlackTeam "Iran"]
[WhiteTeamCountry "MAU"]
[BlackTeamCountry "MDA"]

1. e4 e5 2. Nf3 Nc6 3. Bb5 a6 4. Ba4 Nf6 5. O-O Be7 6. Re1 b5 7. Bb3 d6 8. c3
O-O 9. h3 Nb8 10. d4 Nbd7 11. Nbd2 Bb7 12. Bc2 Re8 13. Nf1 Bf8 14. Ng3 g6 15.
b3 c6 16. Bg5 Bg7 17. Qd2 Qe7 18. Bh6 Bxh6 19. Qxh6 c5 20. Rad1 Rac8 21. Bb1
Nf8 22. Nh4 N6d7 23. Nhf5 gxf5 24. Nxf5 Qf6 25. Qxf6 Nxf6 26. Nxd6 cxd4 27.
cxd4 Rb8 28. Nxe8 Rxe8 29. dxe5 Rxe5 30. f4 Re7 31. e5 Nd5 32. f5 Nc3 33. Rd8
Nxb1 34. Re3 f6 35. e6 Kg7 36. Rg3+ Ng6 37. fxg6 hxg6 38. Rd7 Kf8 39. Rxg6 Be4
40. Rd8+ Re8 41. Rg8+ Kxg8 42. Rxe8+ Kg7 43. Rc8 1-0

[Event "40th Olympiad Open"]
[Site "Istanbul TUR"]
[Date "2012.09.05"]
[Round "8.9"]
[White "Sutovsky, E."]
[Black "Salgado Lopez, I."]
[Result "1-0"]
[WhiteElo "2687"]
[BlackElo "2638"]
[PlyCount "117"]
[EventDate "2012.08.28"]
[SourceDate "1999.07.01"]
[WhiteTeam "Israel"]
[BlackTeam "Spain"]
[WhiteTeamCountry "MAR"]

1. e4 e5 2. Nf3 Nc6 3. Bb5 a6 4. Ba4 Nf6 5. O-O Be7 6. Re1 b5 7. Bb3 d6 8. c3
O-O 9. d4 Bg4 10. Be3 Bh5 11. Nbd2 d5 12. Bg5 dxe4 13. Nxe4 exd4 14. Ng3 Bg6
15. cxd4 Na5 16. Ne5 Bb4 17. Re2 Qd6 18. Bc2 Nc4 19. Bxf6 gxf6 20. Nxc4 bxc4
21. a3 Ba5 22. Bxg6 hxg6 23. Ne4 Qd8 24. Rc1 f5 25. Nc5 Bb6 26. Rxc4 Qd5 27.
Qa4 c6 28. Re5 Qd6 29. Qb4 Rfe8 30. Ne4 Qxb4 31. Nf6+ Kh8 32. Rxb4 Rxe5 33.
dxe5 Rd8 34. Kf1 Bd4 35. f4 Kg7 36. Ne8+ Rxe8 37. Rxd4 c5 38. Rd7 Rb8 39. e6
Kf6 40. e7 Re8 41. Rc7 Rxe7 42. Rxc5 Re6 43. Kf2 Kg7 44. b4 Kf6 45. g3 Kg7 46.
Rc4 Kf6 47. a4 Ke7 48. Rc7+ Kf8 49. Rc2 Rb6 50. Rc4 Ke7 51. Ke3 Kd6 52. Kd3 Rb8
53. Rd4+ Kc7 54. Kc4 Rh8 55. Rd2 Rc8 56. Rd5 Rh8 57. h4 f6 58. Kc5 Rb8 59. Rd6
1-0

[Event "40th Olympiad Women"]
[Site "Istanbul TUR"]
[Date "2012.09.03"]
[Round "6.1"]
[White "Kosintseva, N."]
[Black "Zhao Xue"]
[Result "1-0"]
[WhiteElo "2524"]
[BlackElo "2549"]
[PlyCount "137"]
[EventDate "2012.08.28"]
[SourceDate "1999.07.01"]
[WhiteTeam "Russia"]
[BlackTeam "China"]
[WhiteTeamCountry "NIG"]
[BlackTeamCountry "ENG"]

1. e4 e5 2. Nf3 Nc6 3. Bb5 a6 4. Ba4 Nf6 5. O-O Be7 6. Re1 b5 7. Bb3 d6 8. c3
O-O 9. h3 Nb8 10. d4 Nbd7 11. Nbd2 Bb7 12. Bc2 Re8 13. Nf1 Bf8 14. Ng3 g6 15.
Bg5 h6 16. Bd2 c5 17. d5 c4 18. b4 cxb3 19. axb3 Rc8 20. Bd3 Nb6 21. Bf1 Bg7
22. Qc1 h5 23. c4 bxc4 24. bxc4 Nbd7 25. Rb1 Nc5 26. Be3 Nfd7 27. Qc2 Qe7 28.
Nd2 Kh7 29. Nb3 Bh6 30. Bxh6 Kxh6 31. Na5 Rc7 32. Ne2 Qg5 33. Nc3 Bc8 34. Nc6
Nf6 35. Na4 Bxh3 36. Nxc5 dxc5 37. Qc3 Bc8 38. Qa5 Ng4 39. f3 Qh4 40. fxg4 hxg4
41. Be2 Rb7 42. Qc3 g3 43. Qe3+ Kg7 44. Rxb7 Bxb7 45. Bf3 g5 46. Kf1 g4 47. Bd1
Bxc6 48. dxc6 Re6 49. Ke2 Rxc6 50. Rf1 Rb6 51. Qc3 f6 52. Qd2 Qh2 53. Ke1 Kg6
54. Qe2 Kf7 55. Qd2 Ke7 56. Bxg4 Rb1+ 57. Bd1 Qh4 58. Qd3 Rb6 59. Qe3 Rd6 60.
Bf3 Rd4 61. Ke2 Kf7 62. Rd1 Kg6 63. Rxd4 cxd4 64. Qc1 f5 65. Qc2 Qf4 66. exf5+
Kf6 67. Qe4 Qc1 68. Qc6+ Kg7 69. Qg6+ 1-0

[Event "40th Olympiad Open"]
[Site "Istanbul TUR"]
[Date "2012.08.30"]
[Round "3.16"]
[White "Vasquez Schroeder, R."]
[Black "Bartel, Mat"]
[Result "1/2-1/2"]
[WhiteElo "2533"]
[BlackElo "2654"]
[PlyCount "89"]
[EventDate "2012.08.28"]
[SourceDate "1999.07.01"]
[WhiteTeam "Chile"]
[BlackTeam "Poland"]
[WhiteTeamCountry "EGY"]
[BlackTeamCountry "LES"]

1. e4 e5 2. Nf3 Nc6 3. Bb5 a6 4. Ba4 Nf6 5. O-O Be7 6. Re1 b5 7. Bb3 d6 8. c3
O-O 9. h3 Na5 10. Bc2 c5 11. d4 Nd7 12. Nbd2 exd4 13. cxd4 Nc6 14. Nf1 cxd4 15.
Nxd4 Nxd4 16. Qxd4 Nc5 17. Ne3 Bf6 18. Qd1 Be6 19. Nd5 Bxd5 20. Qxd5 Rc8 21.
Rd1 Ne6 22. Bb3 Be5 23. Rb1 Qh4 24. Be3 Bf4 25. Qd2 Bxe3 26. Qxe3 Rfd8 27. Rbc1
Rxc1 28. Rxc1 Qf6 29. Rd1 h6 30. Qb6 Nf4 31. Kh2 Ng6 32. Kh1 Qg5 33. Rd5 Qe7
34. Rf5 Ne5 35. Qxa6 g6 36. Rf4 Qc7 37. g3 Rb8 38. Bd5 b4 39. Kg2 Kg7 40. Qa4
Qc5 41. Qd1 Rc8 42. h4 h5 43. Bb3 Rc7 44. Qd5 Ra7 45. Qd2 1/2-1/2

[Event "BDO Premier 2012"]
[Site "Haarlem NED"]
[Date "2012.08.28"]
[Round "4.1"]
[White "Nijboer, F."]
[Black "Zherebukh, Y."]
[Result "1/2-1/2"]
[WhiteElo "2535"]
[BlackElo "2629"]
[PlyCount "123"]
[EventDate "2012.08.25"]
[SourceDate "1999.07.01"]

1. e4 e5 2. Nf3 Nc6 3. Bb5 a6 4. Ba4 Nf6 5. O-O Be7 6. Re1 b5 7. Bb3 d6 8. c3
O-O 9. h3 Nb8 10. d4 Nbd7 11. Nbd2 Bb7 12. Bc2 Re8 13. Nf1 Bf8 14. Ng3 g6 15.
a4 c5 16. d5 c4 17. Bg5 h6 18. Be3 Nc5 19. Qd2 h5 20. Bxc5 dxc5 21. Nf1 Nd7 22.
Qe3 Nb6 23. N1d2 Nc8 24. g4 hxg4 25. hxg4 Qd7 26. Nh2 Nd6 27. g5 Rac8 28. Qg3
Qe7 29. Qh4 Bg7 30. Ng4 Red8 31. Re3 Ne8 32. Rh3 Rc7 33. axb5 axb5 34. Nf1 Bc8
35. Nfe3 Ra7 36. Rxa7 Qxa7 37. Qh7+ Kf8 38. Rf3 Bxg4 39. Nxg4 Qd7 40. Nh6 Bxh6
41. Qh8+ Ke7 42. Qxe5+ Kf8 43. gxh6 Qg4+ 44. Rg3 Qh4 45. Qh8+ Ke7 46. Qe5+ Kf8
47. Kg2 f6 48. Qe6 Rd6 49. Rh3 Qg5+ 50. Rg3 Qxh6 51. Qg4 f5 52. exf5 Nf6 53.
Qxg6 Qxg6 54. fxg6 Kg7 55. Rg5 b4 56. Re5 Nxd5 57. Be4 bxc3 58. bxc3 Nxc3 59.
Re7+ Kg8 60. Re8+ Kg7 61. Re7+ Kg8 62. Re8+ 1/2-1/2